00574nam a2200193 4500010001300000020002300013035001300036037001800049040001200067082001600079100001600095245005900111250001100170260005000181270005000231300002800281650003100309650004000340 aB-167903 a8175344911c165.00 aB-167903 bCen Lib / Ret aDPLbEn a344.01bKUM aKumar, H. L aLabour laws :beverybody should know /cby H. L. Kumar a3rd ed aNew DelhibUniversal Law Publishing Ltdc2006 aC-FF-1A, Dilkhush Industral EstatebNew Delhi axxi, 304p ; b24cm(PBK) aLabor laws and legislation aLabor laws and legislation -- India